000 01140nam a2200277 a 4500
001 000048752
005 20240229073955.0
008 190412s2016 dr 001 0 spa d
020 _a9789945901627
040 _aDO-SdBNP
_bspa
_cBNPHU
082 _axxx
_bxxxx
245 0 0 _aSanto Domingo :
_bvisto por cuatro viajeros 1850-1889 /
_cRobert Hermann Schomburgk, Frederick Douglass, Rodolphe E. Garczynski, Wilhelm Sievers ; presentación José Chez Checo ; traducción Rosario Flores Paz, Bernardo Vega.
260 _aSanto Domingo, :
_bAcademia Dominicana de la Historia,
_c2016.
300 _a145 p. ;
_c22 cm.
490 1 _aAcademia Dominicana de la Historia;
_v136 ;
500 _aIncluye índice onomástico
590 _aInventariado, 2019/ YL
700 1 2 _aHermann Schomburgk, Robert
_976208
700 1 2 _aDouglass, Frederick
_976209
700 1 2 _aGarczynski, Rodolphe E.
_976210
700 1 2 _aSievers, Wilhelm
_976211
700 1 2 _aFlores Paz, Rosario
_etrad.
_965366
700 1 2 _aChez Checo, José,
_d1949-
_epres.
_910145
700 1 2 _aVega, Bernardo,
_d1938 -
_etrad.
_93222
830 _aAcademia Dominicana de la Historia
_9770
999 _c48240
_d48240